[Event "Wch FIDE Online U12 Girls Europe qual"]
[Site "Tornelo INT"]
[Date "2020.12.07"]
[Round "1"]
[White "Bueckert, Diana"]
[Black "Helliesen, Lykke Merlot"]
[Result "0-1"]
[WhiteElo "1357"]
[BlackElo "1564"]
[PlyCount "68"]
[EventDate "2020.12.07"]
[EventType "swiss (rapid)"]
[EventRounds "7"]
[EventCountry "ISS"]
[SourceTitle "EXT 2022"]
[Source "ChessBase"]
[SourceDate "2021.10.06"]
[SourceVersion "1"]
[SourceVersionDate "2021.10.06"]
[SourceQuality "1"]

1. d4 Nf6 2. Nf3 e6 3. c4 d5 4. Nc3 Bb4 5. Bd2 0-0 6. e3 b6 7. Be2 dxc4 8. Bxc4 Bb7 9. 0-0 c5 10. Qe2 Nc6 11. a3 Bxc3 12. Bxc3 Qc7 13. dxc5 bxc5 14. Bxf6 gxf6 15. Rfd1 Rfd8 16. Rac1 Ne5 17. Nxe5 Qxe5 18. Bd3 Qg5 19. f3 Rac8 20. e4 Rd4 21. Rc2 Rcd8 22. Rc4 Qe5 23. Rxd4 Qxd4+ 24. Kh1 Ba6 25. Bc2 Bxe2 26. Rxd4 Rxd4 27. h3 Rd2 28. Ba4 Rxb2 29. Kh2 Bxf3 30. Kg3 Bxe4 31. Bb5 Rxb5 32. a4 Rb3+ 33. Kh2 c4 34. a5 c3 0-1

[Event "GER-ch U18 sf Berlin Online"]
[Site "Playchess.com INT"]
[Date "2020.05.01"]
[Round "10"]
[White "Bueckert, Diana"]
[Black "Margaryan, Venera"]
[Result "0-1"]
[WhiteElo "1620"]
[BlackElo "1514"]
[PlyCount "146"]
[EventDate "2020.05.01"]
[EventType "swiss (blitz)"]
[EventRounds "13"]
[EventCountry "GER"]
[SourceTitle "CBM 195 Extra"]
[Source "ChessBase"]
[SourceDate "2020.05.31"]
[SourceVersion "1"]
[SourceVersionDate "2020.05.31"]
[SourceQuality "1"]

1. f4 d5 2. Nf3 Nf6 3. e3 Bg4 4. Be2 e6 5. 0-0 Nbd7 6. b3 Be7 7. Bb2 c6 8. d3 Qc7 9. Nbd2 0-0 10. Qe1 Bxf3 11. Bxf3 Bd6 12. Qg3 Rae8 13. Bg4 e5 14. fxe5 Bxe5 15. Bxe5 Qxe5 16. Bxd7 Qxg3 17. hxg3 Nxd7 18. Rf3 f6 19. e4 dxe4 20. dxe4 Ne5 21. Re3 Ng4 22. Re2 Rd8 23. Nf3 Rfe8 24. Rae1 Ne5 25. Kh2 Kf7 26. Rf2 Kg6 27. Nh4+ Kf7 28. Nf3 Ng4+ 29. Kg1 Nxf2 30. Kxf2 Kg6 31. e5 fxe5 32. Nxe5+ Kf5 33. g4+ Kf6 34. g5+ Kf5 35. g4+ Kf4 36. Nd3+ Kxg4 37. Rg1+ Kf5 38. Nc5 Rd2+ 39. Kf3 Rxc2 40. Nd3 Rxa2 41. Rf1 Kg6 42. Kg4 Re4+ 43. Nf4+ Kf7 44. Kg3 Ke7 45. Nd3 Re3+ 46. Rf3 Rxf3+ 47. Kxf3 Rb2 48. Nc5 b6 49. Ne4 Rxb3+ 50. Kf4 a5 51. Ke5 a4 52. Kd4 a3 53. Kc4 Rh3 54. Nc3 b5+ 55. Kb3 Rxc3+ 56. Kxc3 b4+ 57. Kb3 c5 58. g6 h5 59. Ka2 h4 60. Kb3 h3 61. Ka2 h2 62. Kb3 h1Q 63. Ka2 Qg2+ 64. Kb3 Qxg6 65. Ka2 Qe4 66. Kb3 g5 67. Ka2 g4 68. Kb3 g3 69. Ka2 g2 70. Kb3 g1Q 71. Ka2 Qg3 72. Ka1 Qe2 73. Kb1 Qg1# 0-1

[Event "GER-ch U18 sf Berlin Online"]
[Site "Playchess.com INT"]
[Date "2020.05.01"]
[Round "4"]
[White "Haertel, Leon"]
[Black "Bueckert, Diana"]
[Result "1-0"]
[WhiteElo "1277"]
[BlackElo "1620"]
[PlyCount "63"]
[EventDate "2020.05.01"]
[EventType "swiss (blitz)"]
[EventRounds "13"]
[EventCountry "GER"]
[SourceTitle "CBM 195 Extra"]
[Source "ChessBase"]
[SourceDate "2020.05.31"]
[SourceVersion "1"]
[SourceVersionDate "2020.05.31"]
[SourceQuality "1"]

1. d4 f5 2. Bf4 b6 3. Nc3 Bb7 4. e3 Nf6 5. Nf3 e6 6. Bd3 Be7 7. Qd2 0-0 8. 0-0 Bxf3 9. gxf3 d6 10. Kh1 Nbd7 11. Rg1 Qe8 12. Kg2 Qg6+ 13. Kf1 Qh5 14. Ke2 Qxh2 15. Bxh2 c5 16. dxc5 bxc5 17. Bb5 Nb6 18. Bc4 d5 19. Bb5 a6 20. Ba4 c4 21. Bf4 Bb4 22. b3 Bxc3 23. Qxc3 cxb3 24. Bxb3 Rac8 25. Qb2 Nc4 26. Bxc4 Rxc4 27. Bh6 Nh5 28. Bg5 Rc5 29. Be7 Rf7 30. Bxc5 g6 31. Qb8+ Rf8 32. Qxf8# 1-0